| 000 | 00440nam a2200181Ia 4500 | ||
|---|---|---|---|
| 008 | 230524s9999 xx 000 0 und d | ||
| 020 | _a9788120330207 | ||
| 082 |
_a530 _bSTR |
||
| 100 | _aBen G.Streetman | ||
| 245 | 0 | _aSolid State Electronic Devices | |
| 250 | _a1st | ||
| 260 |
_aNEW DELHI _bPHI _c2004 |
||
| 300 | _aXI;558 | ||
| 500 | _aQuantity Number: 102 | ||
| 650 | _aElectronics | ||
| 700 | _a Sanjay Banerjee | ||
| 942 | _cBK | ||
| 999 |
_c23907 _d23907 |
||